| 000 | 004670000a22001570004500 | ||
|---|---|---|---|
| 001 | 004329 | ||
| 003 | MACL | ||
| 005 | 20150708164906.0 | ||
| 008 | 150708b xxu||||| |||| 00| 0 eng d | ||
| 040 |
_aMACL _cMACL |
||
| 100 |
_aShastri, J.L. _9355 |
||
| 245 |
_aAncient IndianTradition & Mythology Volume 13 Part 1 _bThe Garuda P̜urana Part 2 _cJ.L. Shastri |
||
| 260 |
_aDelhi _c2003 _bMotilal Banarsidass Publishers, |
||
| 650 |
_aReligion _91483 |
||
| 942 |
_k295 _cBK _2ddc |
||
| 999 |
_c16220 _d16220 |
||